| 000 | 00453nam a2200193Ia 4500 | ||
|---|---|---|---|
| 003 | 0100 | ||
| 008 | 130303s9999 xx 000 0 und d | ||
| 020 | _a0869224409 | ||
| 040 | _cARRUPELIB | ||
| 050 | _aBR1447.C38 1988 | ||
| 245 | _aChurch and state in Zimbabwe | ||
| 260 | _aGweru, | ||
| 260 | _bMambo Press | ||
| 260 | _C1988 | ||
| 300 | _aix | ||
| 300 | _b 507p. 22cm | ||
| 700 | _aCarl F.Hallencreutz and Ambrose M.Moyo eds | ||
| 942 | 0 | 0 | _01 |
| 999 |
_c9404 _d9404 |
||